House Beautiful 500 Sensational Ways to Create Your Ideal Home (Record no. 11838)

MARC details
000 -LEADER
fixed length control field 00353nam a2200133Ia 4500
008 - FIXED-LENGTH DATA ELEMENTS--GENERAL INFORMATION
fixed length control field 230312s9999||||xx |||||||||||||| ||und||
020 ## - INTERNATIONAL STANDARD BOOK NUMBER
International Standard Book Number 1-58816-758-3
082 ## - DEWEY DECIMAL CLASSIFICATION NUMBER
Classification number 747
Item number HOU
245 #0 - TITLE STATEMENT
Title House Beautiful 500 Sensational Ways to Create Your Ideal Home
260 ## - PUBLICATION, DISTRIBUTION, ETC.
Name of publisher, distributor, etc. Hearst Books
Place of publication, distribution, etc. London
Date of publication, distribution, etc. 2007
300 ## - PHYSICAL DESCRIPTION
Extent 480
650 ## - SUBJECT ADDED ENTRY--TOPICAL TERM
Topical term or geographic name entry element Architecture
942 ## - ADDED ENTRY ELEMENTS (KOHA)
Koha item type BOOK
Holdings
Withdrawn status Lost status Source of classification or shelving scheme Damaged status Not for loan Home library Current library Date acquired Total Checkouts Full call number Barcode Date last seen Price effective from Koha item type
    Dewey Decimal Classification     Superior Information Resource Center (SIRC) Superior University- Central Library Superior Information Resource Center (SIRC) Superior University- Central Library 03/13/2023   747 HOU 11968 03/13/2023 03/13/2023 BOOK

Powered by Koha